Ostravsko

Corporate Author: Kartografie Praha (firma)
Other Authors: Beneš, Ivan, Roulová, Zdenka, 1937-, Ježka, D., Jarolím, E., Patočka, Bedřich, Český svaz turistů. Ústřední výbor
Language: German
Polish
Czech
English
Published: Praha : Kartografie Praha za spolupráce ústředního výboru Českého svazu turistů, 1971
Edition: 2. vyd.
Series: Soubor turistických map 1:100 000 (Kartografie Praha)
Physical Description: 1 mapa : barev. ; 43 x 61 cm, na listu 44 x 74 cm, složeno na 22 x 11 cm
Language note: Legenda česky, anglicky a německy, místopis česky a polsky
Map
Saved in:
LEADER 02572nem a2200553 a 4500
001 000393910
003 CZ BrMZK
005 20220921141047.0
007 aj canzn
008 980105s1971 xr acg a 0 cze d
015 |a cnb001969146 
034 1 |a a  |b 100000  |d E0175734  |e E0185023  |f N0495749  |g N0493402 
040 |a ABA001  |b cze  |d BOA001 
041 0 |a cze  |a eng  |a ger  |a pol 
043 |a e-xr---  |b e-xr-mo  |2 czenas  |a e-pl--- 
072 7 |a 796  |x Sport. Hry. Tělesná cvičení  |2 Konspekt  |9 20 
072 7 |a 912  |x Mapy. Atlasy. Glóby  |2 Konspekt  |9 7 
080 |a 796.51  |2 MRF 
080 |a 796.5:625.711.8  |2 MRF 
080 |a 913:338.483.1  |2 MRF 
080 |a 913(437.326)  |2 MRF 
080 |a (084.3)796.5  |2 MRF 
245 0 0 |a Ostravsko  |h [kartografický dokument] /  |c vydala, zpracovala a vytiskla Kartografie Praha ; odpovědný redaktor Ivan Beneš ; technická redaktorka Zdenka Roulová ; spolupracovali: D. Ježka, E. Jarolím ; 2. vyd. recenzoval D. Ježka ; obálka: B. Patočka 
250 |a 2. vyd. 
255 |a Měřítko 1:100 000  |c (17°57´34" v.d.--18°50´23" v.d./49°57´49" s.š.--49°34´02" s.š.) 
260 |a Praha :  |b Kartografie Praha za spolupráce ústředního výboru Českého svazu turistů,  |c 1971 
300 |a 1 mapa :  |b barev. ;  |c 43 x 61 cm, na listu 44 x 74 cm, složeno na 22 x 11 cm 
490 1 |a Soubor turistických map 1:100 000 ;  |v 21 
500 |a Na rubu doprovodný text, obálkový titul 
546 |a Legenda česky, anglicky a německy, místopis česky a polsky 
650 0 7 |a pěší turistika  |7 ph124864  |z Česko  |2 czenas 
650 0 7 |a turistické trasy  |7 ph606745  |2 czenas 
650 0 7 |a turistické zajímavosti  |7 ph126800  |2 czenas 
651 7 |a Ostrava (Česko : oblast)  |7 ge130341  |2 czenas 
655 7 |a turistické mapy  |7 fd133737  |2 czenas 
700 1 |a Beneš, Ivan  |7 mzk2009535293  |4 pbd 
700 1 |a Roulová, Zdenka,  |d 1937-  |7 stk2008428677  |4 edt 
700 1 |a Ježka, D.  |4 oth  |4 rev 
700 1 |a Jarolím, E.  |4 oth 
700 1 |a Patočka, Bedřich  |7 mzk2014818806  |4 bjd 
710 2 |a Kartografie Praha (firma)  |7 kn20010724363  |4 ctg  |4 prt  |4 pbl 
710 2 |a Český svaz turistů.  |b Ústřední výbor  |4 pbl 
830 0 |a Soubor turistických map 1:100 000 (Kartografie Praha)  |0 s 
910 |a BOA001  |b Skř.9A-0621.314-71  |b PK-0053.991-71 
920 |a 000344806 
990 |a MP 
991 |b 201407 
996 6 |b 2619788357  |c Skř.9A-0621.314-71  |l MZK  |r Sklad / do 24 hodin  |n 1  |w 000393910  |u 000010  |a 1  |e BOA001  |j MZK50  |s P 
996 7 |b 3119806392  |c PK-0053.991-71  |l MZK  |r Sklad / do 1 hodiny  |n 1  |w 000393910  |u 000020  |a 1  |e BOA001  |j MZK50  |s A